Catálogo
 En Linea

Grandeza y decadencia de César Birotteau / (Registro nro. 4528)

Detalles MARC
000 -CABECERA
campo de control de longitud fija 00675nam a2200229 4500
001 - NÚMERO DE CONTROL
campo de control 000004722
005 - FECHA Y HORA DE LA ÚLTIMA TRANSACCIÓN
campo de control 20200929151506.0
008 - DATOS DE LONGITUD FIJA--INFORMACIÓN GENERAL
campo de control de longitud fija 800822s1967 fr c 000 0 fre
010 ## - NÚMERO DE CONTROL DE LA BIBLIOTECA DEL CONGRESO
Número de control de LC 68123809
015 ## - NÚMERO DE BIBLIOGRAFÍA NACIONAL
Número de bibliografía nacional F67-9566
040 ## - FUENTE DE LA CATALOGACIÓN
Centro catalogador/agencia de origen DO-SdBNP
Centro/agencia transcriptor DLC
Centro/agencia modificador DLC
050 00 - SIGNATURA TOPOGRÁFICA DE LA BIBLIOTECA DEL CONGRESO
Número de clasificación PQ2163
Número de documento/Ítem .C3 1967
082 00 - NÚMERO DE LA CLASIFICACIÓN DECIMAL DEWEY
Número de clasificación 843/.7
Número de edición 19
100 1# - ENTRADA PRINCIPAL--NOMBRE DE PERSONA
Nombre de persona Balzac, Honore de,
Fechas asociadas al nombre 1799-1850.
9 (RLIN) 13744
245 10 - MENCIÓN DE TÍTULO
Título Grandeza y decadencia de César Birotteau /
Mención de responsabilidad, etc. [par] Balzac ...
260 ## - PUBLICACIÓN, DISTRIBUCIÓN, ETC.
Lugar de publicación, distribución, etc. [Paris,] :
Nombre del editor, distribuidor, etc. J. Tallandier,
Fecha de publicación, distribución, etc. 1967.
300 ## - DESCRIPCIÓN FÍSICA
Extensión 367 p. :
Otras características físicas port. ;
Dimensiones 21 cm.
350 ## - PRECIO (NR) (BK AM CF MU VM SE) [OBSOLETO]
Precio 18F
490 0# - MENCIÓN DE SERIE
Mención de serie Le Tresor des lettres francaises
500 ## - NOTA GENERAL
Nota general Illustrated cover.
910 ## - DATOS DE OPCIÓN DEL USUARIO (OCLC)
Datos de opción del usuario Catalogación por copia / LC
Existencias
Estado de retiro Estado de pérdida Restricciones de uso No para préstamo Código de colección Localización permanente Ubicación/localización actual Ubicación en estantería Fecha de adquisición Número de inventario Total de préstamos Signatura topográfica completa Código de barras Fecha visto por última vez Precio válido a partir de Tipo de ítem Koha
    Préstamo interno Préstamo restrigido Monografías: Libros y Folletos General General En encuadernación 25.07.2009 LF1   843/.7 4722-10 25.06.2020 25.06.2020 Préstamo interno

Con tecnología Koha